[Event "2. Magistral Gráfica Yael-Torre Blanca"]
[Site "Buenos Aires ARG"]
[Date "2011.07.28"]
[Round "6.4"]
[White "Bachmann, Axel"]
[Black "Perez Ponsa, Federico"]
[Result "1/2-1/2"]
[WhiteElo "2550"]
[BlackElo "2467"]
[PlyCount "76"]
[EventDate "2011.07.23"]
[EventType "tourn"]
[EventRounds "1"]
[EventCountry "ARG"]
[EventCategory "8"]
[Source "lmi"]
[SourceDate "2011.07.24"]

1. e4 c5 2. Nf3 d6 3. c3 Nf6 4. Be2 Nbd7 5. d3 b6 6. O-O Bb7 7. Nbd2 e6 8. Re1
Be7 9. Bf1 O-O 10. d4 e5 11. d5 a6 12. a4 g6 13. Nc4 Nh5 14. b4 Ng7 15. bxc5
bxc5 16. Rb1 Bc8 17. Bh6 f5 18. Nfd2 Ra7 19. exf5 gxf5 20. f4 e4 21. g3 Rf6 22.
Bxg7 Kxg7 23. Ne3 Qe8 24. Bh3 Qg6 25. Ndc4 Rf8 26. Kh1 h5 27. Nb6 Nxb6 28. Rxb6
Bd8 29. Rb8 Bd7 30. Qb3 Bc7 31. Rb7 Rfa8 32. Rxa7 Rxa7 33. Rb1 Qf6 34. Bf1 Bc8
35. Qc2 Rb7 36. Rxb7 Bxb7 37. Qb3 Bc8 38. Bh3 Kh6 1/2-1/2

[Event "2. Magistral Gráfica Yael-Torre Blanca"]
[Site "Buenos Aires ARG"]
[Date "2011.07.28"]
[Round "6.5"]
[White "Labollita, Martin"]
[Black "Sorin, Ariel"]
[Result "0-1"]
[WhiteElo "2407"]
[BlackElo "2465"]
[PlyCount "76"]
[EventDate "2011.07.23"]
[EventType "tourn"]
[EventRounds "1"]
[EventCountry "ARG"]
[EventCategory "8"]
[Source "lmi"]
[SourceDate "2011.07.24"]

1. e4 e5 2. f4 Qh4+ 3. g3 Qe7 4. Nc3 exf4 5. d4 d5 6. Bxf4 Nf6 7. e5 c6 8. Bh3
Na6 9. Bxc8 Rxc8 10. Nh3 Nd7 11. O-O h6 12. Bd2 Nc7 13. Nf4 g5 14. Nh5 Ne6 15.
Qg4 Bg7 16. Nd1 Qd8 17. Ne3 Qb6 18. Nf5 Bxe5 19. Kh1 Bxd4 20. Nd6+ Ke7 21. Nxf7
Rhf8 22. Rfe1 Ndc5 23. Bxg5+ Kd7 24. Nf4 Rce8 25. Nd8 Rxf4 26. gxf4 hxg5 27.
Nxe6 Rxe6 28. Rxe6 Nxe6 29. f5 Nf8 30. Re1 Bf6 31. Qh5 Kc7 32. b3 Qf2 33. Qe2
Qxf5 34. Rf1 Qg6 35. c4 d4 36. c5 Kd7 37. b4 Ne6 38. Re1 Qf5 0-1

[Event "2. Magistral Gráfica Yael-Torre Blanca"]
[Site "Buenos Aires ARG"]
[Date "2011.07.29"]
[Round "7.1"]
[White "Sorin, Ariel"]
[Black "Tristan, Leonardo"]
[Result "1/2-1/2"]
[WhiteElo "2465"]
[BlackElo "2450"]
[PlyCount "106"]
[EventDate "2011.07.23"]
[EventType "tourn"]
[EventRounds "1"]
[EventCountry "ARG"]
[EventCategory "8"]
[Source "lmi"]
[SourceDate "2011.07.24"]

1. d4 d6 2. Nc3 g6 3. e4 Nf6 4. g3 Bg7 5. Bg2 O-O 6. Nge2 e5 7. h3 exd4 8. Nxd4
Re8 9. O-O Nc6 10. Nde2 Bd7 11. a4 a6 12. Nf4 Ne5 13. Re1 Rb8 14. b3 Qc8 15. g4
g5 16. Nfd5 Nxd5 17. Nxd5 Qd8 18. Be3 Ng6 19. Ra2 Be5 20. Qd2 h6 21. Rf1 Bc6
22. c4 Bxd5 23. cxd5 c5 24. dxc6 bxc6 25. b4 Qf6 26. Rc2 Nh4 27. f3 c5 28. bxc5
dxc5 29. Rxc5 Rb3 30. Kh1 Rd8 31. Qc1 Rxe3 32. Qxe3 Bd4 33. Qc1 Bxc5 34. Qxc5
Qb2 35. Rf2 Rd1+ 36. Kh2 Qb8+ 37. e5 Ng6 38. Rc2 Kg7 39. Qc7 Qxc7 40. Rxc7 Nxe5
41. Ra7 Ng6 42. Rxa6 Nf4 43. Bh1 Rd2+ 44. Kg3 Ne2+ 45. Kf2 Nf4+ 46. Kg3 h5 47.
gxh5 f5 48. h6+ Kh7 49. h4 Nh5+ 50. Kh3 Nf4+ 51. Kg3 Ne2+ 52. Kh3 Nf4+ 53. Kg3
Nh5+ 1/2-1/2

[Event "2. Magistral Gráfica Yael-Torre Blanca"]
[Site "Buenos Aires ARG"]
[Date "2011.07.29"]
[Round "7.3"]
[White "Valdes Escobar, Alvaro"]
[Black "Bachmann, Axel"]
[Result "0-1"]
[WhiteElo "2414"]
[BlackElo "2550"]
[PlyCount "62"]
[EventDate "2011.07.23"]
[EventType "tourn"]
[EventRounds "1"]
[EventCountry "ARG"]
[EventCategory "8"]
[Source "lmi"]
[SourceDate "2011.07.24"]

1. Nf3 Nf6 2. c4 g6 3. g3 Bg7 4. Bg2 O-O 5. O-O d6 6. d4 Nbd7 7. Nc3 e5 8. e4
exd4 9. Nxd4 Re8 10. h3 a6 11. a4 a5 12. Ndb5 Nc5 13. Re1 Bd7 14. Bf4 Bxb5 15.
axb5 Nfd7 16. Be3 Qc8 17. f3 Nb6 18. Bf1 Qe6 19. Qe2 a4 20. Ra3 f5 21. Bxc5
dxc5 22. exf5 Qd6 23. Qxe8+ Rxe8 24. Rxe8+ Kf7 25. Re2 Qxg3+ 26. Bg2 Bd4+ 27.
Kh1 gxf5 28. Nd5 Nxd5 29. cxd5 Qf4 30. Rxa4 Qc1+ 31. Kh2 Bg1+ 0-1

[Event "2. Magistral Gráfica Yael-Torre Blanca"]
[Site "Buenos Aires ARG"]
[Date "2011.07.29"]
[Round "7.4"]
[White "Mayorga, Nicolas"]
[Black "Rodriguez Vila, Andres"]
[Result "0-1"]
[WhiteElo "2330"]
[BlackElo "2507"]
[PlyCount "89"]
[EventDate "2011.07.23"]
[EventType "tourn"]
[EventRounds "1"]
[EventCountry "ARG"]
[EventCategory "8"]
[Source "lmi"]
[SourceDate "2011.07.24"]

1. Nf3 c5 2. c4 b6 3. d4 cxd4 4. Nxd4 Bb7 5. Nc3 Nf6 6. f3 Nc6 7. Nc2 e6 8. e4
Qb8 9. Be3 Bd6 10. g3 h5 11. Nb5 Be7 12. Bg2 Ne5 13. Bf4 a6 14. Nc3 h4 15. Na4
h3 16. Bf1 Nxf3+ 17. Qxf3 e5 18. Bd3 exf4 19. Nxb6 fxg3 20. hxg3 Qe5 21. Nxa8
Nxe4 22. Nc7+ Qxc7 23. Bxe4 Qe5 24. O-O-O Bxe4 25. Qf2 Bg5+ 26. Kb1 Bf6 27. Qb6
O-O 28. Rde1 Bxc2+ 29. Kxc2 Qf5+ 30. Kb3 Qd3+ 31. Ka4 Qxc4+ 32. Qb4 Qxa2+ 33.
Qa3 Qd5 34. Qb3 Qc6+ 35. Ka3 Qd6+ 36. Qb4 Bxb2+ 37. Ka4 Qc6+ 38. Kb3 a5 39. Qe4
d5 40. Qf4 Bf6 41. Rb1 a4+ 42. Ka3 Qc3+ 43. Kxa4 Ra8+ 44. Kb5 Qa5+ 45. Kc6 0-1

[Event "2. Magistral Gráfica Yael-Torre Blanca"]
[Site "Buenos Aires ARG"]
[Date "2011.07.29"]
[Round "7.5"]
[White "Real De Azua, Ernesto"]
[Black "Del Rey, Diego"]
[Result "1/2-1/2"]
[WhiteElo "2438"]
[BlackElo "2377"]
[PlyCount "35"]
[EventDate "2011.07.23"]
[EventType "tourn"]
[EventRounds "1"]
[EventCountry "ARG"]
[EventCategory "8"]
[Source "lmi"]
[SourceDate "2011.07.24"]

1. d4 d5 2. c4 dxc4 3. Nf3 Nf6 4. e3 Bg4 5. Bxc4 e6 6. Nc3 Nbd7 7. O-O Bb4 8.
Qb3 Bxc3 9. bxc3 Bxf3 10. gxf3 O-O 11. Be2 Rb8 12. f4 c5 13. a4 Qc7 14. Bb2 Qc6
15. Rac1 Rfc8 16. Qd1 c4 17. Bf3 Ne4 18. Bg2 1/2-1/2

[Event "2. Magistral Gráfica Yael-Torre Blanca"]
[Site "Buenos Aires ARG"]
[Date "2011.07.30"]
[Round "8.2"]
[White "Rodriguez Vila, Andres"]
[Black "Real De Azua, Ernesto"]
[Result "0-1"]
[WhiteElo "2507"]
[BlackElo "2438"]
[PlyCount "122"]
[EventDate "2011.07.23"]
[EventType "tourn"]
[EventRounds "1"]
[EventCountry "ARG"]
[EventCategory "8"]
[Source "lmi"]
[SourceDate "2011.07.24"]

1. e4 e5 2. Nf3 Nc6 3. Bc4 Bc5 4. c3 Nf6 5. b4 Bb6 6. d3 d6 7. O-O h6 8. Nbd2
O-O 9. a4 a6 10. Re1 Ne7 11. Bb3 Ng6 12. Nc4 Ba7 13. Be3 Be6 14. Bxa7 Rxa7 15.
d4 Qe7 16. dxe5 dxe5 17. Ne3 Raa8 18. Nd5 Qd8 19. Qb1 c6 20. Ne3 Bxb3 21. Qxb3
Nxe4 22. Nc4 Nf6 23. Nfxe5 Nxe5 24. Nxe5 Qc7 25. a5 Rfe8 26. Nf3 Qf4 27. c4 Ne4
28. g3 Qf6 29. Kg2 Ng5 30. Rxe8+ Rxe8 31. Re1 Rxe1 32. Nxe1 Qe6 33. Qc3 Qe4+
34. Kf1 Qh1+ 35. Ke2 Qxh2 36. Qd3 Qh5+ 37. Kd2 Qg4 38. Qd8+ Kh7 39. Qd3+ g6 40.
Nc2 Nf3+ 41. Kc3 Ne5 42. Qd4 Qe2 43. f4 Nf3 44. Qe3 Qxe3+ 45. Nxe3 Kg7 46. c5
Kf6 47. Nc4 Ke7 48. Nd6 Nh2 49. Kd4 Nf1 50. g4 h5 51. gxh5 gxh5 52. Ke4 Nd2+
53. Kd3 Nf3 54. Ke4 Ne1 55. f5 Nc2 56. b5 cxb5 57. Nxb7 Nb4 58. Nd6 h4 59. Nc8+
Kd7 60. Nd6 f6 61. Kf4 Nd3+ 0-1

[Event "2. Magistral Gráfica Yael-Torre Blanca"]
[Site "Buenos Aires ARG"]
[Date "2011.07.30"]
[Round "8.3"]
[White "Bachmann, Axel"]
[Black "Mayorga, Nicolas"]
[Result "1-0"]
[WhiteElo "2550"]
[BlackElo "2330"]
[PlyCount "49"]
[EventDate "2011.07.23"]
[EventType "tourn"]
[EventRounds "1"]
[EventCountry "ARG"]
[EventCategory "8"]
[Source "lmi"]
[SourceDate "2011.07.24"]

1. Nf3 g6 2. e4 c5 3. d4 cxd4 4. Qxd4 Nf6 5. e5 Nc6 6. Qa4 Nd5 7. Qe4 Ndb4 8.
Bb5 Qa5 9. Nc3 d5 10. exd6 Bf5 11. Qe5 Nxc2+ 12. Ke2 O-O-O 13. Qxh8 Nxa1 14.
Qxh7 Nc2 15. Rd1 Qb4 16. Kf1 N6d4 17. Nxd4 Nxd4 18. d7+ Kb8 19. Qh4 Bxd7 20.
Qf4+ Ka8 21. Be2 e5 22. Qxe5 Bc6 23. Be3 Ne6 24. Rxd8+ Nxd8 25. Bf4 1-0

[Event "2. Magistral Gráfica Yael-Torre Blanca"]
[Site "Buenos Aires ARG"]
[Date "2011.07.30"]
[Round "8.4"]
[White "Labollita, Martin"]
[Black "Valdes Escobar, Alvaro"]
[Result "0-1"]
[WhiteElo "2407"]
[BlackElo "2414"]
[PlyCount "50"]
[EventDate "2011.07.23"]
[EventType "tourn"]
[EventRounds "1"]
[EventCountry "ARG"]
[EventCategory "8"]
[Source "lmi"]
[SourceDate "2011.07.24"]

1. e4 c5 2. Na3 e6 3. c3 Nc6 4. Nf3 Nge7 5. d4 cxd4 6. cxd4 d5 7. e5 Nf5 8. Nc2
Be7 9. Bd3 O-O 10. O-O Nh4 11. Nxh4 Bxh4 12. b4 a6 13. Rb1 f5 14. exf6 Bxf6 15.
Rb3 Qe8 16. Bb2 Bd7 17. Ne3 Ne7 18. Ng4 Ba4 19. Bxh7+ Kxh7 20. Rh3+ Kg8 21. Qe1
Nf5 22. f4 Bc2 23. Ne5 Bxe5 24. dxe5 Qg6 25. Qe2 Be4 0-1

[Event "2. Magistral Gráfica Yael-Torre Blanca"]
[Site "Buenos Aires ARG"]
[Date "2011.07.30"]
[Round "8.5"]
[White "Sorin, Ariel"]
[Black "Perez Ponsa, Federico"]
[Result "1/2-1/2"]
[WhiteElo "2465"]
[BlackElo "2467"]
[PlyCount "34"]
[EventDate "2011.07.23"]
[EventType "tourn"]
[EventRounds "1"]
[EventCountry "ARG"]
[EventCategory "8"]
[Source "lmi"]
[SourceDate "2011.07.24"]

1. d4 Nf6 2. c4 g6 3. Nc3 Bg7 4. e4 d6 5. Be2 O-O 6. Bg5 Na6 7. f4 c6 8. Nf3
Nc7 9. d5 Nh5 10. Qd2 f6 11. Bh4 Bh6 12. g3 e5 13. dxe6 Nxe6 14. O-O Nhg7 15.
Rad1 Qe7 16. Ne1 Rd8 17. Ng2 g5 1/2-1/2

[Event "2. Magistral Gráfica Yael-Torre Blanca"]
[Site "Buenos Aires ARG"]
[Date "2011.07.31"]
[Round "9.1"]
[White "Perez Ponsa, Federico"]
[Black "Tristan, Leonardo"]
[Result "1-0"]
[WhiteElo "2467"]
[BlackElo "2450"]
[PlyCount "59"]
[EventDate "2011.07.23"]
[EventType "tourn"]
[EventRounds "1"]
[EventCountry "ARG"]
[EventCategory "8"]
[Source "lmi"]
[SourceDate "2011.07.24"]

1. e4 d6 2. d4 Nf6 3. Nc3 g6 4. Bg5 Bg7 5. Qd2 h6 6. Bh4 g5 7. Bg3 Nh5 8. O-O-O
Nc6 9. Qe3 Bd7 10. Be2 Nf4 11. d5 Nxe2+ 12. Qxe2 Ne5 13. h4 b5 14. Nf3 Nc4 15.
hxg5 Bxc3 16. bxc3 c5 17. Nd2 Nxd2 18. Qxd2 Qa5 19. Rxh6 O-O-O 20. Kb2 Rhg8 21.
Rh7 Be8 22. Rdh1 Kd7 23. e5 b4 24. c4 Qa3+ 25. Kb1 Kc8 26. Rh8 Bd7 27. Rxg8
Rxg8 28. exd6 exd6 29. Bxd6 Rg6 30. Rh8+ 1-0

[Event "2. Magistral Gráfica Yael-Torre Blanca"]
[Site "Buenos Aires ARG"]
[Date "2011.07.31"]
[Round "9.2"]
[White "Valdes Escobar, Alvaro"]
[Black "Sorin, Ariel"]
[Result "1/2-1/2"]
[WhiteElo "2414"]
[BlackElo "2465"]
[PlyCount "80"]
[EventDate "2011.07.23"]
[EventType "tourn"]
[EventRounds "1"]
[EventCountry "ARG"]
[EventCategory "8"]
[Source "lmi"]
[SourceDate "2011.07.24"]

1. Nf3 Nf6 2. c4 g6 3. g3 Bg7 4. Bg2 O-O 5. O-O d6 6. d4 c6 7. Nc3 Bf5 8. Ne1
Qc8 9. e4 Bh3 10. f3 Bxg2 11. Kxg2 c5 12. d5 Na6 13. Bg5 h6 14. Be3 Nc7 15. a4
e6 16. Qd2 exd5 17. cxd5 Kh7 18. Nc2 Nd7 19. Na3 Ne5 20. f4 Ng4 21. Nc4 Qd7 22.
f5 Rfe8 23. Qd3 b5 24. axb5 Nxb5 25. fxg6+ fxg6 26. Bf4 Nxc3 27. bxc3 Ne5 28.
Bxe5 Bxe5 29. Ra6 Rab8 30. Rf2 Rb7 31. Qf3 Qe7 32. Na5 Rd7 33. Nc6 Qg7 34. c4
Kg8 35. Qa3 Bd4 36. Nxd4 Qxd4 37. Rxa7 Qxe4+ 38. Kh3 Qe7 39. Rxd7 Qxd7+ 40. Kg2
Qe7 1/2-1/2

[Event "2. Magistral Gráfica Yael-Torre Blanca"]
[Site "Buenos Aires ARG"]
[Date "2011.07.31"]
[Round "9.3"]
[White "Mayorga, Nicolas"]
[Black "Labollita, Martin"]
[Result "1-0"]
[WhiteElo "2330"]
[BlackElo "2407"]
[PlyCount "67"]
[EventDate "2011.07.23"]
[EventType "tourn"]
[EventRounds "1"]
[EventCountry "ARG"]
[EventCategory "8"]
[Source "lmi"]
[SourceDate "2011.07.24"]

1. e4 c5 2. Nf3 e6 3. d4 cxd4 4. Nxd4 a6 5. Nc3 b5 6. Bd3 Qb6 7. Be3 Bc5 8. Be2
Nc6 9. Nxc6 dxc6 10. Bxc5 Qxc5 11. Qd3 Nf6 12. O-O-O O-O 13. f4 e5 14. f5 Ra7
15. g4 Rd7 16. Qf3 Rfd8 17. Bd3 b4 18. Na4 Qa5 19. b3 Rd6 20. g5 Nd7 21. f6
gxf6 22. Bc4 Nf8 23. gxf6 Ng6 24. Rdf1 Be6 25. Qh5 Kf8 26. Bxe6 Rxe6 27. Qxh7
Qb5 28. Qg7+ Ke8 29. Rfg1 Nf8 30. Qh8 Qe2 31. Rg8 Qd2+ 32. Kb1 Qd6 33. Nb6 Qc5
34. Rhg1 1-0

[Event "2. Magistral Gráfica Yael-Torre Blanca"]
[Site "Buenos Aires ARG"]
[Date "2011.07.31"]
[Round "9.4"]
[White "Real De Azua, Ernesto"]
[Black "Bachmann, Axel"]
[Result "1-0"]
[WhiteElo "2438"]
[BlackElo "2550"]
[PlyCount "39"]
[EventDate "2011.07.23"]
[EventType "tourn"]
[EventRounds "1"]
[EventCountry "ARG"]
[EventCategory "8"]
[Source "lmi"]
[SourceDate "2011.07.24"]

1. d4 Nf6 2. c4 g6 3. Nc3 Bg7 4. e4 d6 5. Nf3 O-O 6. Be2 Bg4 7. Be3 Nfd7 8. d5
c5 9. Ng5 Bxe2 10. Qxe2 Na6 11. O-O Nc7 12. f4 Bxc3 13. bxc3 f6 14. Ne6 Nxe6
15. dxe6 Nb8 16. Rf3 Nc6 17. f5 Kh8 18. Rh3 Rg8 19. Qg4 g5 20. Rxh7+ 1-0

[Event "2. Magistral Gráfica Yael-Torre Blanca"]
[Site "Buenos Aires ARG"]
[Date "2011.07.31"]
[Round "9.5"]
[White "Del Rey, Diego"]
[Black "Rodriguez Vila, Andres"]
[Result "1/2-1/2"]
[WhiteElo "2377"]
[BlackElo "2507"]
[PlyCount "92"]
[EventDate "2011.07.23"]
[EventType "tourn"]
[EventRounds "1"]
[EventCountry "ARG"]
[EventCategory "8"]
[Source "lmi"]
[SourceDate "2011.07.24"]

1. d4 e6 2. Nf3 c5 3. c4 cxd4 4. Nxd4 b6 5. Nc3 Bb7 6. e4 d6 7. Bd3 Nc6 8. Bc2
Nge7 9. Ba4 a6 10. Bg5 Qd7 11. O-O Rb8 12. f4 h6 13. Bh4 Ba8 14. f5 e5 15. Nc2
Nc8 16. Ne3 b5 17. cxb5 axb5 18. Bxb5 N8a7 19. Ba4 f6 20. Ned5 Be7 21. Qh5+ Kf8
22. Nxe7 Qxe7 23. Nd5 Qf7 24. Qxf7+ Kxf7 25. Rfc1 Rhc8 26. Bf2 Nd4 27. Bxd4
exd4 28. Bb3 Bxd5 29. Bxd5+ Ke7 30. Rxc8 Rxc8 31. a4 Rc2 32. b4 d3 33. Rd1 d2
34. Kf1 Rb2 35. b5 Nc8 36. Ke2 Nb6 37. Rxd2 Rxd2+ 38. Kxd2 Nxa4 39. Kd3 Kd8 40.
Bc6 Kc7 41. Kc4 Nb6+ 42. Kb4 Nc8 43. Ka5 Nb6 44. Bd5 Nc8 45. Ka6 Nb6 46. Be6
Na4 1/2-1/2